000
00331nam a22001457a 4500
003
SGT
020
_a
978-81-7371-885-4
082
_a
629.13634
_b
KUM
100
_a
KUMAR,R.SRINIVASA
245
_a
PAVEMENT DESIGN
260
_a
HYDERABAD
_b
UNIVERSITY PRESS
_c
2013
300
_a
348
650
_a
CIVIL ENGINEERING
942
_2
ddc
_c
BK
999
_c
14603
_d
14603